Estudio psicométrico de la versión española de la escla de "conflicto familia-trabajo" de Kopelman, Greenhaus y Connoly (1983) /

Generalmente los ámbitos laboral y familiar se han investigado desvinculado uno del otro sin considerar las interacciones que tienen lugar entre ambos. En este trabajo presentamos las características psicométricas de la adaptación española de la escala Kopelman, Greenhaus, Connoly (1983) que evalúa...

Descripción completa

Detalles Bibliográficos
Autor principal: Martínez-Pérez, María Dolores
Otros Autores: Osca, Amparo
Formato: Analitica de revista
Lenguaje:español

MARC

LEADER 00000cab a2200000 a 4500
001 041316
003 UAHC_CL
005 20170803124550.0
008 051228b xx j 000 1 spa
040 |a UAHC_CL  |c UAHC_CL  |d UAHC_CL 
100 1 |a Martínez-Pérez, María Dolores 
245 1 0 |a Estudio psicométrico de la versión española de la escla de "conflicto familia-trabajo" de Kopelman, Greenhaus y Connoly (1983) /  |c María Dolores Martínez-Pérez, Amparo Osca. 
500 |a Revista de Psicología Social (España) 2001, vol 16 (1). p. 43-57 
500 |a Revista de Psicología Social (España) 2001, vol 16 (1). p. 43-57 
520 |a Generalmente los ámbitos laboral y familiar se han investigado desvinculado uno del otro sin considerar las interacciones que tienen lugar entre ambos. En este trabajo presentamos las características psicométricas de la adaptación española de la escala Kopelman, Greenhaus, Connoly (1983) que evalúa el grado de conflicto en el trabajo, en la familia, y el conflicto interno, esto es, el conflicto entre los requerimientos y obligaciones de los àmbitos laboral y familiar. Hemos administrado dicha escala a una muestra de 250 trabajadores de ambos sexos procedente de todo el estado español. El análisis factorial del cuestionario coincide con las subescalas que lo componen. La fiabilidad obtenida es aceptable en todas las subescalas y similar a la ofrecida por los autores. Por ultimo, a fin de comprobar su validez hemos estudiado la relación de las puntuaciones de estas escalas con otros constructos relacionados teóricamente con el conflicto, a saber, horas de dedicación al trabajo remunerado y al hogar, la implicación y satisfacción laboral y el bienestar psicològico 
520 |a Generalmente los ámbitos laboral y familiar se han investigado desvinculado uno del otro sin considerar las interacciones que tienen lugar entre ambos. En este trabajo presentamos las características psicométricas de la adaptación española de la escala Kopelman, Greenhaus, Connoly (1983) que evalúa el grado de conflicto en el trabajo, en la familia, y el conflicto interno, esto es, el conflicto entre los requerimientos y obligaciones de los àmbitos laboral y familiar. Hemos administrado dicha escala a una muestra de 250 trabajadores de ambos sexos procedente de todo el estado español. El análisis factorial del cuestionario coincide con las subescalas que lo componen. La fiabilidad obtenida es aceptable en todas las subescalas y similar a la ofrecida por los autores. Por ultimo, a fin de comprobar su validez hemos estudiado la relación de las puntuaciones de estas escalas con otros constructos relacionados teóricamente con el conflicto, a saber, horas de dedicación al trabajo remunerado y al hogar, la implicación y satisfacción laboral y el bienestar psicològico 
520 |a Generalmente los ·mbitos laboral y familiar se han investigado desvinculado uno del otro sin considerar las interacciones que tienen lugar entre ambos. En este trabajo presentamos las caracterÌsticas psicomÈtricas de la adaptaciÛn espaÒola de la escala Kopelman, Greenhaus, Connoly (1983) que evalúa el grado de conflicto en el trabajo, en la familia, y el conflicto interno, esto es, el conflicto entre los requerimientos y obligaciones de los ‡mbitos laboral y familiar. Hemos administrado dicha escala a una muestra de 250 trabajadores de ambos sexos procedente de todo el estado espaÒol. El an·lisis factorial del cuestionario coincide con las subescalas que lo componen. La fiabilidad obtenida es aceptable en todas las subescalas y similar a la ofrecida por los autores. Por ultimo, a fin de comprobar su validez hemos estudiado la relaciÛn de las puntuaciones de estas escalas con otros constructos relacionados teÛricamente con el conflicto, a saber, horas de dedicaciÛn al trabajo remunerado y al hogar, la implicaciÛn y satisfacciÛn laboral y el bienestar psicolÚgico 
700 1 |a Osca, Amparo 
759 |a PP142 
773 0 |t Revista de sociología  |w 041937 
900 |a REV. PSICOL. SOC.-01/01 
942 |c REVA 
952 |0 0  |1 0  |4 0  |6 REV___PSICOL__SOC_01_01_000000000000000  |7 0  |8 General  |9 77647  |a BC  |b BC  |c General  |d 2017-08-03  |l 0  |o REV. PSICOL. SOC.-01/01  |p FICTICIO6767  |r 2019-01-08 00:00:00  |t 1  |w 2017-08-03  |y REVA 
999 |c 41316  |d 41316